ARRUPE JESUIT UNIVERSITY

CORONAVIRUS -STOP THE SPREAD - CLEAN,DISINFECT,COVER

Wittgenstein reads Freud : (Record no. 121471)

MARC details
000 -LEADER
fixed length control field 01445cam a2200349 a 4500
001 - CONTROL NUMBER
control field 3016474
003 - CONTROL NUMBER IDENTIFIER
control field ARRUPE
005 - DATE AND TIME OF LATEST TRANSACTION
control field 20150106120611.0
008 - FIXED-LENGTH DATA ELEMENTS--GENERAL INFORMATION
fixed length control field 941011s1995 nju b 001 0 eng
010 ## - LIBRARY OF CONGRESS CONTROL NUMBER
LC control number 94040607
020 ## - INTERNATIONAL STANDARD BOOK NUMBER
International Standard Book Number 0691034257 (cloth)
040 ## - CATALOGING SOURCE
Original cataloging agency DLC
Transcribing agency DLC
Modifying agency DLC
041 1# - LANGUAGE CODE
Language code of text/sound track or separate title eng
Language code of original and/or intermediate translations of text fre
050 00 - LIBRARY OF CONGRESS CALL NUMBER
Classification number BF175.4.P45
Item number B6813
082 00 - DEWEY DECIMAL CLASSIFICATION NUMBER
Classification number 150.19/52
Edition number 20
300 ## - PHYSICAL DESCRIPTION
Dimensions 24 cm.
100 1# - MAIN ENTRY--PERSONAL NAME
Personal name Bouveresse, Jacques.
9 (RLIN) 13317
240 10 - UNIFORM TITLE
Uniform title <a href="Philosophie, mythologie et pseudo-science.">Philosophie, mythologie et pseudo-science.</a>
Language of a work English
245 10 - TITLE STATEMENT
Title Wittgenstein reads Freud :
Remainder of title the myth of the unconscious /
Statement of responsibility, etc Jacques Bouveresse ; translated by Carol Cosman ; with a foreword by Vincent Descombes.
260 ## - PUBLICATION, DISTRIBUTION, ETC. (IMPRINT)
Place of publication, distribution, etc Princeton, N.J. :
Name of publisher, distributor, etc Princeton University Press,
Date of publication, distribution, etc 1995.
300 ## - PHYSICAL DESCRIPTION
Extent xx, 143 p. ;
440 #0 - SERIES STATEMENT/ADDED ENTRY--TITLE
Title New French thought
9 (RLIN) 4583
504 ## - BIBLIOGRAPHY, ETC. NOTE
Bibliography, etc Includes bibliographical references (p. [133]-137) and index.
600 10 - SUBJECT ADDED ENTRY--PERSONAL NAME
Personal name Wittgenstein, Ludwig,
Dates associated with a name 1889-1951.
9 (RLIN) 13318
600 10 - SUBJECT ADDED ENTRY--PERSONAL NAME
Personal name Freud, Sigmund,
Dates associated with a name 1856-1939
General subdivision Influence.
9 (RLIN) 13319
600 10 - SUBJECT ADDED ENTRY--PERSONAL NAME
Personal name Freud, Sigmund,
Dates associated with a name 1856-1939.
9 (RLIN) 13320
650 #0 - SUBJECT ADDED ENTRY--TOPICAL TERM
Topical term or geographic name as entry element Psychoanalysis and philosophy.
9 (RLIN) 13321
856 42 - ELECTRONIC LOCATION AND ACCESS
Materials specified Publisher description
Uniform Resource Identifier <a href="http://www.loc.gov/catdir/description/prin031/94040607.html">http://www.loc.gov/catdir/description/prin031/94040607.html</a>
856 41 - ELECTRONIC LOCATION AND ACCESS
Materials specified Table of contents
Uniform Resource Identifier <a href="http://www.loc.gov/catdir/toc/prin031/94040607.html">http://www.loc.gov/catdir/toc/prin031/94040607.html</a>
906 ## - LOCAL DATA ELEMENT F, LDF (RLIN)
a 7
b cbc
c orignew
d 1
e ocip
f 19
g y-gencatlg
942 ## - ADDED ENTRY ELEMENTS (KOHA)
Source of classification or shelving scheme Library of Congress Classification
Koha item type Monograph ( Printed materials)
Holdings
Withdrawn status Lost status Source of classification or shelving scheme Damaged status Not for loan Collection code Home library Current library Shelving location Date acquired Total Checkouts Full call number Barcode Date last seen Price effective from Koha item type
    Library of Congress Classification     Main Collection ARRUPE LIBRARY ARRUPE LIBRARY Main Collection 10/12/2014   BF175.4.P45 B6813 1991 46500001135 12/09/2016 10/12/2014 Monograph ( Printed materials)

 

Arrupe Library. PO Box MP320 Mt Pleasant, Harare, Zimbabwe
263 242 745411|librarian@aju.ac.zw